[Event "36. Copenhagen Open (Politiken Cup)"]
[Site "Elsinore"]
[Date "2014.07.22"]
[Round "2"]
[White "Nielsen, Morten"]
[Black "Nielsen, Leo"]
[Result "1-0"]
[WhiteElo "1970"]
[BlackElo "1737"]
[PlyCount "129"]
[EventDate "2014.07.21"]
[EventType "swiss"]
[EventRounds "10"]
[EventCountry "DEN"]
[Source "ChessBase"]
[SourceDate "2014.08.29"]

1. e4 c5 2. c3 e5 3. Nf3 Nc6 4. Bc4 Nf6 5. Qe2 h6 6. O-O a6 7. d4 cxd4 8. cxd4
d6 9. d5 Na5 10. Bd3 b5 11. b4 Nb7 12. a4 Bd7 13. axb5 axb5 14. Rxa8 Qxa8 15.
Bxb5 Be7 16. Bc6 O-O 17. Bb2 Qb8 18. Nbd2 Rc8 19. b5 Nc5 20. Ba3 Qa7 21. Qe3
Bg4 22. Bxc5 dxc5 23. Nxe5 Bd7 24. Qc3 Bd6 25. Nec4 Bf4 26. b6 Qb8 27. g3 Bxd2
28. Qxd2 Bxc6 29. dxc6 Rxc6 30. e5 Ng4 31. Qd7 Re6 32. b7 Nxe5 33. Qc8+ Re8 34.
Qxb8 Rxb8 35. Nxe5 Rxb7 36. Rc1 Rc7 37. Rc4 f6 38. Nd3 Kf7 39. Rxc5 Rd7 40. Rc3
g5 41. Kg2 h5 42. h3 Kg6 43. Kf3 Rd6 44. g4 Rd7 45. Ke4 hxg4 46. hxg4 Ra7 47.
Rc6 Ra4+ 48. Kf3 Kf7 49. Rc3 Rd4 50. Nc5 Rf4+ 51. Kg3 Rd4 52. f3 Rd6 53. f4
gxf4+ 54. Kxf4 Kg6 55. Ne4 Ra6 56. Rd3 Ra7 57. Rd6 Rf7 58. g5 Kg7 59. gxf6+ Kg6
60. Ke5 Rf8 61. Rd7 Re8+ 62. Re7 Ra8 63. Rg7+ Kh6 64. Rg1 Re8+ 65. Kf5 1-0

[Event "36. Copenhagen Open (Politiken Cup)"]
[Site "Elsinore"]
[Date "2014.07.22"]
[Round "2"]
[White "Nilssen, Ellen Fredericia"]
[Black "Degerfeldt, Sven"]
[Result "0-1"]
[WhiteElo "1646"]
[BlackElo "1920"]
[PlyCount "66"]
[EventDate "2014.07.21"]
[EventType "swiss"]
[EventRounds "10"]
[EventCountry "DEN"]
[Source "ChessBase"]
[SourceDate "2014.08.29"]

1. Nf3 d5 2. b3 Nf6 3. Bb2 e6 4. e3 Be7 5. c4 O-O 6. Be2 c5 7. O-O Nc6 8. cxd5
Nxd5 9. Nc3 Nf6 10. d3 b6 11. Rc1 Bb7 12. Qd2 Rc8 13. Rfd1 Qc7 14. Nb5 Qb8 15.
d4 Rfd8 16. Qe1 a6 17. Nc3 cxd4 18. Nxd4 Nxd4 19. exd4 b5 20. Bd3 Qf4 21. Ne2
Qg5 22. Ng3 Bd6 23. Qd2 Bf4 24. Rxc8 Rxc8 25. Qe2 Qh4 26. Qe1 Ng4 27. h3 Nxf2
28. Qxf2 Bxg3 29. Qe2 Bf4 30. Qe1 Qg5 31. Be4 Be3+ 32. Kh1 Bxe4 33. Qf1 Rc2 0-1

[Event "36. Copenhagen Open (Politiken Cup)"]
[Site "Elsinore"]
[Date "2014.07.22"]
[Round "2"]
[White "Nordenbaek, Jan"]
[Black "Taksrud, Vidar"]
[Result "1-0"]
[WhiteElo "2228"]
[BlackElo "2024"]
[PlyCount "49"]
[EventDate "2014.07.21"]
[EventType "swiss"]
[EventRounds "10"]
[EventCountry "DEN"]
[Source "ChessBase"]
[SourceDate "2014.08.29"]

1. e4 d5 2. exd5 Nf6 3. d4 Nxd5 4. c4 Nb6 5. Nf3 Bg4 6. c5 Nd5 7. Qb3 Bxf3 8.
Qxb7 Nb4 9. Qxb4 Bc6 10. Bb5 Qd5 11. Nc3 Qxg2 12. Rf1 a6 13. Bxc6+ Nxc6 14. Qa4
Kd8 15. Be3 Qf3 16. Rd1 Kc8 17. d5 Ne5 18. Qe8+ Kb7 19. c6+ Nxc6 20. Qxc6+ Kb8
21. Rd4 e5 22. Ra4 Be7 23. Rxa6 Rxa6 24. Qxa6 Rd8 25. Ba7+ 1-0

[Event "36. Copenhagen Open (Politiken Cup)"]
[Site "Elsinore"]
[Date "2014.07.22"]
[Round "2"]
[White "Ochsner, Bjorn Moller"]
[Black "Kovshoj, Sune"]
[Result "1-0"]
[WhiteElo "2318"]
[BlackElo "2086"]
[PlyCount "63"]
[EventDate "2014.07.21"]
[EventType "swiss"]
[EventRounds "10"]
[EventCountry "DEN"]
[Source "ChessBase"]
[SourceDate "2014.08.29"]

1. e4 c5 2. Nf3 d6 3. Nc3 Nf6 4. d4 cxd4 5. Nxd4 a6 6. Be3 e5 7. Nb3 Be6 8. h3
Be7 9. f4 exf4 10. Bxf4 Nc6 11. Qe2 b5 12. O-O-O Bc4 13. Qf3 Qc7 14. e5 dxe5
15. Bxe5 Qc8 16. Bxf6 Bxf6 17. Ne4 Be7 18. Nd6+ Bxd6 19. Rxd6 Ne7 20. Qe4 f5
21. Qe5 O-O 22. Qxe7 Re8 23. Qh4 Qc7 24. Rd1 a5 25. Nd4 Bxa2 26. Nxb5 Qc5 27.
Qd4 Qc6 28. Nd6 Reb8 29. Bc4+ Bxc4 30. Qxc4+ Qxc4 31. Nxc4 Rb4 32. Ne5 1-0

[Event "36. Copenhagen Open (Politiken Cup)"]
[Site "Elsinore"]
[Date "2014.07.22"]
[Round "2"]
[White "Olsarova, Tereza"]
[Black "Stray, Gunnar"]
[Result "1-0"]
[WhiteElo "2251"]
[BlackElo "2053"]
[PlyCount "75"]
[EventDate "2014.07.21"]
[EventType "swiss"]
[EventRounds "10"]
[EventCountry "DEN"]
[Source "ChessBase"]
[SourceDate "2014.08.29"]

1. e4 c5 2. Nf3 e6 3. d4 cxd4 4. Nxd4 a6 5. Nc3 Qc7 6. Be2 b5 7. O-O Bb7 8. Bf3
Nc6 9. Nxc6 dxc6 10. Qe2 Bd6 11. g3 Nf6 12. Rd1 e5 13. Bg2 O-O 14. Bg5 Be7 15.
f4 h6 16. Bh4 Rfd8 17. Rf1 Ne8 18. Bxe7 Qxe7 19. fxe5 Qxe5 20. Rf5 Qd4+ 21. Kh1
Qd2 22. Qf1 Qd7 23. Re1 Nd6 24. Rh5 Qe7 25. e5 Ne8 26. Ne4 c5 27. Qf4 Qe6 28.
Rf5 Bd5 29. Rf1 Ra7 30. Nxc5 Bxg2+ 31. Kxg2 Qc6+ 32. Ne4 Qxc2+ 33. Rf2 Qc4 34.
b3 Qe6 35. Qg4 Qg6 36. Qxg6 fxg6 37. Rf8+ Kh7 38. Nd6 1-0

[Event "36. Copenhagen Open (Politiken Cup)"]
[Site "Elsinore"]
[Date "2014.07.22"]
[Round "2"]
[White "Boe Olsen, Filip"]
[Black "Markussen, Benno Orvad"]
[Result "1-0"]
[WhiteElo "1937"]
[BlackElo "1732"]
[PlyCount "75"]
[EventDate "2014.07.21"]
[EventType "swiss"]
[EventRounds "10"]
[EventCountry "DEN"]
[Source "ChessBase"]
[SourceDate "2014.08.29"]

1. d4 g6 2. Bf4 Bg7 3. e3 d6 4. Nf3 Nf6 5. c4 Nbd7 6. Nc3 c5 7. Be2 O-O 8. h3
b6 9. O-O Bb7 10. Bh2 cxd4 11. exd4 Rc8 12. b3 d5 13. Nxd5 Nxd5 14. cxd5 Bxd5
15. Ba6 Ra8 16. Rc1 Bxf3 17. Qxf3 e5 18. Rfd1 exd4 19. Bb7 Nc5 20. Bxa8 Qxa8
21. Bd6 Qxf3 22. gxf3 Rd8 23. Bxc5 bxc5 24. Rxc5 d3 25. Rc7 Bd4 26. Kf1 Bb6 27.
Rc3 d2 28. Rc2 Ba5 29. a3 Rd3 30. b4 Bb6 31. a4 Rxf3 32. Rdxd2 Rf6 33. Rd3 a5
34. bxa5 Bxa5 35. Rd5 Bb4 36. Rb5 Rf4 37. a5 Re4 38. a6 1-0

[Event "36. Copenhagen Open (Politiken Cup)"]
[Site "Elsinore"]
[Date "2014.07.22"]
[Round "2"]
[White "Olsen, Michael Richard W"]
[Black "Saltvedt, Martin"]
[Result "1/2-1/2"]
[WhiteElo "1990"]
[BlackElo "1779"]
[PlyCount "91"]
[EventDate "2014.07.21"]
[EventType "swiss"]
[EventRounds "10"]
[EventCountry "DEN"]
[Source "ChessBase"]
[SourceDate "2014.08.29"]

1. e4 c5 2. Nf3 d6 3. Bc4 Nc6 4. d4 cxd4 5. Nxd4 g6 6. c3 Bg7 7. O-O Bd7 8. Nd2
Nxd4 9. cxd4 Bxd4 10. Nf3 Bg7 11. Qb3 e6 12. Qxb7 Rc8 13. Bb5 Rc7 14. Bxd7+
Rxd7 15. Qb5 Ne7 16. Bg5 O-O 17. Bxe7 Qxe7 18. Rab1 Rb7 19. Qe2 Rfb8 20. b3 Rb4
21. Rbc1 Qb7 22. Rfe1 a5 23. Qd3 Qb6 24. Rc4 Rd8 25. Rec1 Rxc4 26. Rxc4 d5 27.
exd5 Rxd5 28. Rc8+ Bf8 29. Qc2 Qd6 30. g3 Rd1+ 31. Kg2 Qd5 32. Qc4 Rd3 33. Qxd5
Rxd5 34. Rc4 Bc5 35. h4 h6 36. Ng1 Kf8 37. Ne2 Bb6 38. Rc6 Bd8 39. Rc2 g5 40.
hxg5 hxg5 41. g4 Ke7 42. Ng3 Rd4 43. f3 a4 44. bxa4 Rxa4 45. Ne4 Ra5 46. Kf2
1/2-1/2

[Event "36. Copenhagen Open (Politiken Cup)"]
[Site "Elsinore"]
[Date "2014.07.22"]
[Round "2"]
[White "Paulsson, Anders"]
[Black "Hinrichs, Lars"]
[Result "0-1"]
[WhiteElo "1788"]
[BlackElo "2003"]
[PlyCount "68"]
[EventDate "2014.07.21"]
[EventType "swiss"]
[EventRounds "10"]
[EventCountry "DEN"]
[Source "ChessBase"]
[SourceDate "2014.08.29"]

1. e4 c5 2. Nf3 Nf6 3. d4 Nxe4 4. Bc4 d5 5. Bb5+ Nc6 6. O-O Qb6 7. Bxc6+ bxc6
8. dxc5 Qxc5 9. Be3 Qd6 10. h3 e5 11. Re1 Be7 12. c3 O-O 13. Nbd2 f5 14. Nxe4
fxe4 15. Nh2 Qg6 16. Kh1 Bg5 17. Bc5 Rf5 18. Qb3 Bf4 19. Rad1 Be6 20. Qb7 Qe8
21. b4 Rh5 22. Rg1 Rd8 23. g3 Rxh3 24. Rg2 Bh6 25. g4 Bxg4 26. Rxg4 Qh5 27. f3
Rxh2+ 28. Kg1 Rh1+ 29. Kf2 Qh2+ 30. Rg2 e3+ 31. Bxe3 Bxe3+ 32. Kxe3 Qxg2 33.
Rxh1 Qxh1 34. Qxc6 Qh6+ 0-1

[Event "36. Copenhagen Open (Politiken Cup)"]
[Site "Elsinore"]
[Date "2014.07.22"]
[Round "2"]
[White "Pedersen, Henrik Bolding"]
[Black "Svane, Rasmus"]
[Result "0-1"]
[WhiteElo "2134"]
[BlackElo "2494"]
[PlyCount "96"]
[EventDate "2014.07.21"]
[EventType "swiss"]
[EventRounds "10"]
[EventCountry "DEN"]
[Source "ChessBase"]
[SourceDate "2014.08.29"]

1. e4 c5 2. c3 d5 3. exd5 Qxd5 4. Nf3 Nc6 5. d4 Bf5 6. Nbd2 Qe6+ 7. Be2 cxd4 8.
Nxd4 Nxd4 9. cxd4 Bd3 10. Nf3 Qxe2+ 11. Qxe2 Bxe2 12. Kxe2 Nf6 13. Bd2 e6 14.
Rhc1 Nd5 15. Ne5 Bd6 16. Nd3 Ke7 17. Nc5 b6 18. Nd3 Rhc8 19. g3 f6 20. h4 h5
21. Kf3 Kd7 22. Ke2 a6 23. Kf3 Be7 24. Ke2 Ra7 25. Rxc8 Kxc8 26. Bf4 Kd7 27.
Rc1 a5 28. a3 a4 29. Rc2 Ra8 30. Bd2 Rc8 31. Rxc8 Kxc8 32. Ne1 Kd7 33. Kd3 Kc6
34. Nf3 b5 35. Ng1 Nb6 36. Ne2 Nc4 37. Kc2 g5 38. hxg5 fxg5 39. Bc3 Bd6 40. Kd3
Kd5 41. Ng1 h4 42. gxh4 gxh4 43. Nh3 e5 44. dxe5 Nxe5+ 45. Ke3 Bc5+ 46. Kf4
Nd3+ 47. Kg5 Nxf2 48. Nf4+ Ke4 0-1

[Event "36. Copenhagen Open (Politiken Cup)"]
[Site "Elsinore"]
[Date "2014.07.22"]
[Round "2"]
[White "Petersen, Tom Petri"]
[Black "Poulsen, Iver"]
[Result "1-0"]
[WhiteElo "2334"]
[BlackElo "2092"]
[PlyCount "85"]
[EventDate "2014.07.21"]
[EventType "swiss"]
[EventRounds "10"]
[EventCountry "DEN"]
[Source "ChessBase"]
[SourceDate "2014.08.29"]

1. g3 d5 2. Bg2 Nf6 3. Nf3 e6 4. O-O Be7 5. c4 O-O 6. b3 c5 7. e3 Nc6 8. Bb2 b6
9. d3 Bb7 10. Qe2 Qc7 11. Nc3 Rad8 12. Rac1 Rfe8 13. Rfd1 Qb8 14. cxd5 exd5 15.
d4 cxd4 16. Nxd4 Nxd4 17. Rxd4 Bc5 18. Rdd1 d4 19. Na4 Bxg2 20. Kxg2 Qa8+ 21.
Qf3 dxe3 22. Qxa8 Rxa8 23. Nxc5 bxc5 24. Bxf6 gxf6 25. Rxc5 Rac8 26. Rxc8 Rxc8
27. Kf3 Rc2 28. Kxe3 Rxa2 29. Rd2 Ra6 30. Kd4 Kg7 31. Kc5 Kg6 32. Rd4 Ra2 33.
Rf4 h5 34. h4 Re2 35. Kb5 Re6 36. b4 f5 37. Rf3 Kf6 38. Ra3 Re7 39. f4 Rb7+ 40.
Ka5 Ke6 41. Rd3 a6 42. Rb3 Kd5 43. Kxa6 1-0

[Event "36. Copenhagen Open (Politiken Cup)"]
[Site "Elsinore"]
[Date "2014.07.22"]
[Round "2"]
[White "Philipsen, William Horup"]
[Black "Egholm, Leif"]
[Result "1/2-1/2"]
[WhiteElo "1951"]
[BlackElo "1718"]
[PlyCount "101"]
[EventDate "2014.07.21"]
[EventType "swiss"]
[EventRounds "10"]
[EventCountry "DEN"]
[Source "ChessBase"]
[SourceDate "2014.08.29"]

1. e4 c6 2. d4 d5 3. f3 dxe4 4. fxe4 Nf6 5. e5 Nd5 6. c4 Nb6 7. Nc3 Bf5 8. Nf3
h6 9. d5 Qc7 10. Bf4 e6 11. Nd4 Bb4 12. Nxf5 Bxc3+ 13. bxc3 exf5 14. d6 Qd7 15.
Bd3 Qe6 16. O-O g5 17. Qh5 N8d7 18. Bxg5 Qg6 19. Qxg6 fxg6 20. Bf4 Kf7 21. g4
Nc5 22. Rad1 Nxd3 23. Rxd3 Ke6 24. gxf5+ gxf5 25. Rb1 Rab8 26. Be3 Rh7 27. Bxb6
axb6 28. Rxb6 Ra8 29. Rd2 f4 30. Kf2 Ra5 31. d7 Rxd7 32. Rxd7 Rxa2+ 33. Kf3
Kxd7 34. Rxb7+ Ke6 35. Kxf4 Rxh2 36. Rh7 Rh4+ 37. Kg3 Rxc4 38. Rxh6+ Kxe5 39.
Rh5+ Kd6 40. Kf3 Rxc3+ 41. Ke4 Rc5 42. Rh6+ Kc7 43. Kd4 Kb6 44. Rh8 Rc1 45.
Rb8+ Kc7 46. Rb3 Kd6 47. Rb6 Kc7 48. Rb3 c5+ 49. Kd3 Kc6 50. Rc3 Rxc3+ 51. Kxc3
1/2-1/2

[Event "36. Copenhagen Open (Politiken Cup)"]
[Site "Elsinore"]
[Date "2014.07.22"]
[Round "2"]
[White "Plata Fernandez, Diego"]
[Black "Jensen, Soren Holm"]
[Result "1/2-1/2"]
[WhiteElo "1745"]
[BlackElo "1975"]
[PlyCount "35"]
[EventDate "2014.07.21"]
[EventType "swiss"]
[EventRounds "10"]
[EventCountry "DEN"]
[Source "ChessBase"]
[SourceDate "2014.08.29"]

1. c4 Nf6 2. g3 e6 3. Bg2 d5 4. d4 Be7 5. Nc3 O-O 6. Nf3 c6 7. O-O Nbd7 8. Ne5
Nxe5 9. dxe5 Nd7 10. cxd5 cxd5 11. f4 b6 12. a3 Bb7 13. Be3 Rc8 14. Rc1 a6 15.
Na4 b5 16. Rxc8 Qxc8 17. Nc3 Qc7 18. Bd4 1/2-1/2

[Event "36. Copenhagen Open (Politiken Cup)"]
[Site "Elsinore"]
[Date "2014.07.22"]
[Round "2"]
[White "Rasmussen, Morten(1956)"]
[Black "Hardlei, Johan"]
[Result "0-1"]
[WhiteElo "1861"]
[BlackElo "1884"]
[PlyCount "66"]
[EventDate "2014.07.21"]
[EventType "swiss"]
[EventRounds "10"]
[EventCountry "DEN"]
[Source "ChessBase"]
[SourceDate "2014.08.29"]

1. d4 d5 2. c4 e6 3. Nf3 Nf6 4. g3 c6 5. Bg2 Nbd7 6. Qc2 Bd6 7. Nbd2 O-O 8. O-O
Qc7 9. b3 b6 10. Bb2 Ba6 11. Rac1 Rac8 12. Rfe1 c5 13. cxd5 exd5 14. dxc5 bxc5
15. e3 c4 16. Bf1 Bb4 17. Red1 Qb7 18. bxc4 dxc4 19. Bxf6 Nxf6 20. Rb1 Qe7 21.
Qa4 Bxd2 22. Nxd2 Qe6 23. Rbc1 Rfd8 24. Nxc4 Bb7 25. Rxd8+ Rxd8 26. Na5 Bd5 27.
Rd1 Ne4 28. Qd4 Qf5 29. f4 Qg4 30. Bg2 Nc3 31. Rd2 Ne2+ 32. Rxe2 Qxe2 33. Nc6
Qxg2# 0-1

[Event "36. Copenhagen Open (Politiken Cup)"]
[Site "Elsinore"]
[Date "2014.07.22"]
[Round "2"]
[White "Rasmussen, Morten Fredsgaard"]
[Black "Ulberth, Nicolas"]
[Result "1/2-1/2"]
[WhiteElo "1949"]
[BlackElo "1809"]
[PlyCount "49"]
[EventDate "2014.07.21"]
[EventType "swiss"]
[EventRounds "10"]
[EventCountry "DEN"]
[Source "ChessBase"]
[SourceDate "2014.08.29"]

1. d4 Nc6 2. Nf3 d6 3. c3 Nf6 4. Bf4 g6 5. d5 Nb8 6. Qb3 Bg7 7. Nbd2 O-O 8. h3
Na6 9. e4 Nc5 10. Qc2 a5 11. Bb5 Bd7 12. Bxd7 Qxd7 13. O-O Qa4 14. Qxa4 Nxa4
15. Rab1 Nc5 16. Bg5 Nfxe4 17. Nxe4 Nxe4 18. Bxe7 Rfe8 19. Bh4 h6 20. Rfe1 g5
21. Bg3 Re7 22. Re2 Rae8 23. Rbe1 Bf8 24. Kf1 f5 25. Kg1 1/2-1/2

[Event "36. Copenhagen Open (Politiken Cup)"]
[Site "Elsinore"]
[Date "2014.07.22"]
[Round "2"]
[White "Rewitz, Poul"]
[Black "Preuss, Flemming"]
[Result "1/2-1/2"]
[WhiteElo "2218"]
[BlackElo "2015"]
[PlyCount "82"]
[EventDate "2014.07.21"]
[EventType "swiss"]
[EventRounds "10"]
[EventCountry "DEN"]
[Source "ChessBase"]
[SourceDate "2014.08.29"]

1. Nf3 f5 2. e4 fxe4 3. Ng5 d5 4. d3 Qd6 5. Nc3 Nf6 6. dxe4 h6 7. Nb5 Qd8 8. e5
hxg5 9. exf6 c6 10. f7+ Kxf7 11. Nd4 e5 12. Nf3 e4 13. Nxg5+ Ke8 14. Be2 Qf6
15. Be3 Bf5 16. Qd2 Nd7 17. O-O-O Be7 18. g4 Bg6 19. h4 Ne5 20. Kb1 b5 21. h5
Bf7 22. Nxf7 Qxf7 23. b3 a5 24. Bd4 Qe6 25. g5 a4 26. h6 gxh6 27. Rxh6 Rxh6 28.
gxh6 axb3 29. axb3 Bf6 30. Rg1 Kd7 31. Rg7+ Bxg7 32. hxg7 Nf3 33. Qf4 Qg6 34.
Bxf3 Qg1+ 35. Qc1 Qxc1+ 36. Kxc1 exf3 37. Kd2 Rg8 38. Ke3 c5 39. Bxc5 Rxg7 40.
Kxf3 Ke6 41. Ke3 Rg4 1/2-1/2

[Event "36. Copenhagen Open (Politiken Cup)"]
[Site "Elsinore"]
[Date "2014.07.22"]
[Round "2"]
[White "Riis, Jens"]
[Black "Meier, Georg"]
[Result "0-1"]
[WhiteElo "2172"]
[BlackElo "2632"]
[PlyCount "90"]
[EventDate "2014.07.21"]
[EventType "swiss"]
[EventRounds "10"]
[EventCountry "DEN"]
[Source "ChessBase"]
[SourceDate "2014.08.29"]

1. g3 d5 2. Bg2 e5 3. d3 Nf6 4. Nf3 Nc6 5. O-O Bd6 6. c4 d4 7. Bg5 O-O 8. Nbd2
Be7 9. a3 a5 10. b4 axb4 11. axb4 Rxa1 12. Qxa1 Bxb4 13. Ne4 Be7 14. Nxf6+ Bxf6
15. Bxf6 Qxf6 16. Rb1 Qe7 17. Qb2 Nd8 18. Nd2 f6 19. Qa2 c6 20. Nb3 f5 21. Qa5
Qd6 22. Nc5 g6 23. Qb6 Kg7 24. Ra1 Rf7 25. Ra8 Qc7 26. Qa7 b5 27. Qa2 Ne6 28.
Nxe6+ Bxe6 29. Ra6 e4 30. Qb2 Qe5 31. Rxc6 exd3 32. exd3 bxc4 33. Rxe6 Qxe6 34.
Qxd4+ Qf6 35. Qxc4 f4 36. gxf4 Qxf4 37. Qc3+ Kh6 38. Qc5 Rc7 39. Qe3 Rc1+ 40.
Bf1 Qxe3 41. fxe3 Rc2 42. d4 Kg5 43. d5 Rd2 44. Bg2 Kg4 45. e4 Kf4 0-1

[Event "36. Copenhagen Open (Politiken Cup)"]
[Site "Elsinore"]
[Date "2014.07.22"]
[Round "2"]
[White "Rimer, Jan"]
[Black "Veng, Johny"]
[Result "0-1"]
[WhiteElo "2039"]
[BlackElo "2244"]
[PlyCount "120"]
[EventDate "2014.07.21"]
[EventType "swiss"]
[EventRounds "10"]
[EventCountry "DEN"]
[Source "ChessBase"]
[SourceDate "2014.08.29"]

1. d4 c5 2. d5 g6 3. c4 Bg7 4. Nc3 d6 5. e4 Nf6 6. Bd3 O-O 7. h3 e6 8. Be3 Re8
9. Nf3 exd5 10. exd5 Bh6 11. O-O Bxe3 12. fxe3 a6 13. a4 Nbd7 14. Qd2 Qe7 15.
e4 Kg7 16. Rf2 Ng8 17. Raf1 f6 18. b3 Ne5 19. Bc2 Bd7 20. a5 Rf8 21. Ne2 Rae8
22. Nxe5 Qxe5 23. b4 Rc8 24. Rb1 Rf7 25. bxc5 Rxc5 26. Bd3 Bc8 27. Rb6 Rfc7 28.
Rf1 Nh6 29. Rfb1 Nf7 30. Kh1 g5 31. Qe3 h5 32. Qf3 g4 33. hxg4 hxg4 34. Qf4
Rxa5 35. g3 Qh5+ 36. Kg1 Ne5 37. Rxd6 Rf7 38. Rd1 Nf3+ 39. Kf2 Ra3 40. Ke3 Ne5
41. Kd4 Ng6 42. Qc1 Qe5+ 43. Ke3 Qxd6 44. c5 Rxd3+ 45. Rxd3 Qe5 46. Qc3 Qxc3
47. Rxc3 f5 48. d6 fxe4 49. Kxe4 Bf5+ 50. Kd5 Bd7 51. Nd4 Rf1 52. Rb3 Bc8 53.
d7 Bxd7 54. Rxb7 Rf7 55. Kd6 Bc8 56. Rc7 Rxc7 57. Kxc7 Ne7 58. Kd8 Kf6 59. Nb3
Be6 60. Na5 Nf5 0-1

[Event "36. Copenhagen Open (Politiken Cup)"]
[Site "Elsinore"]
[Date "2014.07.22"]
[Round "2"]
[White "Risting, Eivind Olav"]
[Black "Starup, Leo"]
[Result "1-0"]
[WhiteElo "1875"]
[BlackElo "1594"]
[PlyCount "61"]
[EventDate "2014.07.21"]
[EventType "swiss"]
[EventRounds "10"]
[EventCountry "DEN"]
[Source "ChessBase"]
[SourceDate "2014.08.29"]

1. e4 c5 2. Nf3 Nc6 3. d4 cxd4 4. Nxd4 g6 5. Be3 Bg7 6. c4 Nf6 7. Nc3 O-O 8.
Be2 d6 9. O-O Nxd4 10. Bxd4 b6 11. Rc1 Bb7 12. f3 Rc8 13. Qd2 Qd7 14. Rfd1 Rfd8
15. a4 Qe8 16. Nb5 Nxe4 17. fxe4 Bxe4 18. Bxg7 Bxg2 19. Kxg2 Kxg7 20. b3 Qd7
21. Qd4+ Kg8 22. Nc3 Rc5 23. Nd5 h5 24. Qe4 Kg7 25. b4 Rcc8 26. Qxe7 Qxa4 27.
Qf6+ Kh7 28. Qxf7+ Kh6 29. Ne7 Qe8 30. Qxe8 Rxe8 31. Nxc8 1-0

[Event "36. Copenhagen Open (Politiken Cup)"]
[Site "Elsinore"]
[Date "2014.07.22"]
[Round "2"]
[White "Rogers, Timothy"]
[Black "Westerlund, Ola"]
[Result "0-1"]
[WhiteElo "2011"]
[BlackElo "1817"]
[PlyCount "150"]
[EventDate "2014.07.21"]
[EventType "swiss"]
[EventRounds "10"]
[EventCountry "DEN"]
[Source "ChessBase"]
[SourceDate "2014.08.29"]

1. e4 d6 2. d4 Nf6 3. Nc3 g6 4. f3 c6 5. Be3 b5 6. Qd2 Nbd7 7. a4 b4 8. Nd1 a5
9. c3 bxc3 10. bxc3 e5 11. Bd3 d5 12. Ne2 Bg7 13. O-O O-O 14. Nf2 Ba6 15. Bh6
Bxd3 16. Bxg7 Bxe2 17. Bxf6 Qxf6 18. dxe5 Qxe5 19. Qxe2 dxe4 20. Qxe4 Qxe4 21.
Nxe4 f5 22. Nd6 Nc5 23. Rfe1 Rfd8 24. Nc4 Rd3 25. Re3 Rxe3 26. Nxe3 Rd8 27. Nc4
Rd3 28. Nxa5 Rxc3 29. Nxc6 Nb3 30. Rb1 Rxc6 31. Rxb3 Rc1+ 32. Kf2 Ra1 33. Rb8+
Kg7 34. Ra8 f4 35. h4 Rh1 36. Ra7+ Kh6 37. Rb7 Ra1 38. Rb4 g5 39. Rc4 Kh5 40.
hxg5 Ra2+ 41. Kg1 Kxg5 42. Kh2 h5 43. Rb4 h4 44. Kh3 Kf5 45. Rb5+ Kf6 46. a5
Kg6 47. Rc5 Rb2 48. Rc4 Kg5 49. Rc5+ Kg6 50. Kh2 Ra2 51. Rb5 Ra1 52. Rc5 Ra2
53. Kh3 Rb2 54. a6 Ra2 55. Kxh4 Rxa6 56. Rc2 Kf5 57. Rc5+ Kg6 58. Kg4 Ra2 59.
Rg5+ Kf6 60. Kh5 Ra8 61. Kh4 Rb8 62. Rh5 Rb2 63. Kh3 Kg6 64. Rh8 Kg5 65. Ra8
Rc2 66. Ra1 Rb2 67. Ra5+ Kg6 68. Ra1 Kg5 69. Re1 Ra2 70. Kh2 Ra4 71. Re5+ Kf6
72. Re2 Kg5 73. Kg1 Kh4 74. Re8 Ra1+ 75. Kh2 Kg5 0-1

[Event "36. Copenhagen Open (Politiken Cup)"]
[Site "Elsinore"]
[Date "2014.07.22"]
[Round "2"]
[White "Romanov, Evgeny"]
[Black "Brorsen, Jacob Abildlund"]
[Result "1-0"]
[WhiteElo "2643"]
[BlackElo "2179"]
[PlyCount "49"]
[EventDate "2014.07.21"]
[EventType "swiss"]
[EventRounds "10"]
[EventCountry "DEN"]
[Source "ChessBase"]
[SourceDate "2014.08.29"]

1. d4 Nf6 2. c4 g6 3. Nc3 d5 4. Nf3 Bg7 5. Qa4+ c6 6. cxd5 Nxd5 7. e4 Nxc3 8.
bxc3 O-O 9. Ba3 Nd7 10. Be2 c5 11. h3 Nb6 12. Qa5 cxd4 13. cxd4 Be6 14. Qb4 Rc8
15. O-O Bc4 16. Rfe1 Re8 17. Rad1 Bxe2 18. Rxe2 Rc4 19. Qb3 Qc7 20. Bc5 e5 21.
Nd2 Rxd4 22. Bxd4 exd4 23. Nf3 Rd8 24. e5 Nd5 25. Rxd4 1-0

[Event "36. Copenhagen Open (Politiken Cup)"]
[Site "Elsinore"]
[Date "2014.07.22"]
[Round "2"]
[White "Rorvik, Jon Fredrik"]
[Black "Neu, Alexandre"]
[Result "1-0"]
[WhiteElo "2151"]
[BlackElo "1760"]
[PlyCount "61"]
[EventDate "2014.07.21"]
[EventType "swiss"]
[EventRounds "10"]
[EventCountry "DEN"]
[Source "ChessBase"]
[SourceDate "2014.08.29"]

1. c4 g6 2. Nc3 Bg7 3. g3 d6 4. Bg2 e5 5. e4 Nc6 6. Nge2 f5 7. d3 Nh6 8. O-O
O-O 9. f4 Be6 10. h3 Qd7 11. Kh2 Kh8 12. Nd5 Ng8 13. Rb1 Nd4 14. b3 c6 15. Ndc3
Ne7 16. Bb2 Nxe2 17. Nxe2 Rad8 18. Qd2 c5 19. Rbe1 Nc6 20. Ng1 Nd4 21. Nf3
Nxf3+ 22. Rxf3 h5 23. exf5 Bxf5 24. fxe5 dxe5 25. Bxe5 Kh7 26. Bxg7 Qxg7 27.
Rfe3 Rf7 28. Bd5 Rfd7 29. Re5 Qf6 30. R1e2 g5 31. Rxf5 1-0

[Event "36. Copenhagen Open (Politiken Cup)"]
[Site "Elsinore"]
[Date "2014.07.22"]
[Round "2"]
[White "Rose, Dennis Lauge"]
[Black "Thybo, Jan"]
[Result "1-0"]
[WhiteElo "1839"]
[BlackElo "1347"]
[PlyCount "66"]
[EventDate "2014.07.21"]
[EventType "swiss"]
[EventRounds "10"]
[EventCountry "DEN"]
[Source "ChessBase"]
[SourceDate "2014.08.29"]

1. f4 Nf6 2. Nf3 g6 3. e3 Bg7 4. d4 d6 5. Bc4 O-O 6. O-O Nbd7 7. a3 Ne4 8. Nbd2
Ndf6 9. Qe1 d5 10. Bd3 Nxd2 11. Bxd2 Ne4 12. c4 Nxd2 13. Qxd2 c6 14. Ng5 f6 15.
Nf3 Be6 16. c5 a5 17. b4 Qc7 18. Nh4 Bf7 19. b5 e5 20. fxe5 fxe5 21. Be2 Qe7
22. bxc6 bxc6 23. Nf3 e4 24. Ne1 Qg5 25. Nc2 Qe7 26. Rab1 Qc7 27. Rb6 Rfb8 28.
Rfb1 Be8 29. Qc3 Bd7 30. R1b3 Qc8 31. Qb2 Bg4 32. Rxb8 Bxd4 33. Rxc8+ Rxc8 1-0

[Event "36. Copenhagen Open (Politiken Cup)"]
[Site "Elsinore"]
[Date "2014.07.22"]
[Round "2"]
[White "Rosenkilde, Alexander"]
[Black "Jensen, Thore Nyboe"]
[Result "1-0"]
[WhiteElo "2255"]
[BlackElo "2058"]
[PlyCount "151"]
[EventDate "2014.07.21"]
[EventType "swiss"]
[EventRounds "10"]
[EventCountry "DEN"]
[Source "ChessBase"]
[SourceDate "2014.08.29"]

1. d4 d5 2. c4 c6 3. Nf3 Nf6 4. e3 a6 5. Bd3 dxc4 6. Bxc4 b5 7. Bd3 e6 8. O-O
c5 9. a4 c4 10. Bc2 Bb7 11. Qe2 Nc6 12. Nc3 b4 13. Ne4 Rc8 14. Nxf6+ Qxf6 15.
Rd1 Na5 16. e4 h6 17. d5 e5 18. Bd2 Bc5 19. Rac1 O-O 20. Bb1 Rc7 21. Ba2 Rfc8
22. Be3 b3 23. Bb1 Bb4 24. Bd2 c3 25. Bxc3 Bxc3 26. Rxc3 Rxc3 27. bxc3 Rc4 28.
d6 Rxa4 29. d7 Nc6 30. Qb2 Ra5 31. Qxb3 Nd8 32. Bd3 Qe7 33. Qb6 Rc5 34. Bb1 a5
35. h3 Bc6 36. Kh2 a4 37. Qb4 Kf8 38. Bc2 Rb5 39. Qxe7+ Kxe7 40. Bxa4 Rc5 41.
Bxc6 Nxc6 42. Rd5 Rxc3 43. Nxe5 Nd8 44. f3 Rc7 45. Kg3 Ke6 46. h4 Ra7 47. Kf4
Rb7 48. g4 Ra7 49. h5 Rb7 50. Nd3 Ra7 51. Nc5+ Ke7 52. Ke3 Ra3+ 53. Rd3 Ra1 54.
Nb3 Ra7 55. Nc5 Ra1 56. Kd4 Nc6+ 57. Ke3 Nd8 58. f4 Rg1 59. Kf3 Rf1+ 60. Kg3
Rg1+ 61. Kh3 Rf1 62. f5 Rc1 63. Rd5 Rc3+ 64. Kg2 Rc2+ 65. Kf3 Rc3+ 66. Kf4 Rc1
67. e5 Rf1+ 68. Kg3 Rg1+ 69. Kf3 Rf1+ 70. Kg2 Rc1 71. e6 Rc4 72. Kg3 Rc3+ 73.
Kh4 Rc4 74. exf7 Nxf7 75. Ne6 Nd8 76. Nxg7 1-0